Historical Groups of Things - Statistics

General Stats
  • This quiz has been taken 4,215 times
    4,181 since last reset
  • The average score is 20 of 35
Answer Stats
Hint Answer % Correct
Main WWII Axis Germany
96%
John F. Kennedy
96%
Assassinated US Presidents Abraham Lincoln
94%
Italy
93%
Japan
93%
Anne Boleyn
86%
Anne of Cleves
84%
Main Renaissance Painters Leonardo da Vinci
82%
Michelangelo
78%
Santa Maria
74%
Katherine Parr
73%
Wives of Henry VIII Catherine of Aragon
71%
First Five Roman Emperors Augustus
69%
Biggest Mesoamerican Cultures Aztec
69%
Pinta
68%
Nero
67%
Columbus's Three Ships Nina
65%
Maya
62%
Jane Seymour
60%
Kathryn Howard
57%
Richmond
55%
William McKinley
54%
James Garfield
53%
Raphael
50%
Caligula
48%
Commanders at Hastings William the Conqueror
47%
Tiberius
35%
Claudius
32%
Harold Godwinson
31%
Olmec
22%
Confederate Capitals Montgomery
17%
Golden Horde
14%
Empire of Kublai Khan
12%
Ilkhanate
6%
The Four Mongol khanates Chagatai
4%
No matching quizzes found
Score Distribution
Percent of People with Each Score
Percentile by Number Answered
Your Score History
You have not taken this quiz since the last reset